| 000 | 00498nam a2200181Ia 4500 | ||
|---|---|---|---|
| 003 | GCL | ||
| 008 | 140319s9999 xx 000 0 eng d | ||
| 040 |
_aGCL / _cGCL |
||
| 082 | 0 | 4 |
_a004 _bL T |
| 100 | 1 | _aLEWIN, DOVGLAS | |
| 245 | 1 | 0 |
_aTHEORY AND DCSIGN OF DIGITAL COMPUTER SYSTEMS / _cLEWIN, DOVGLAS |
| 700 | 1 | _aNOAKS, DAVID | |
| 260 |
_a[S.N] : _bCHAPMAN & HALL ، _c1992 |
||
| 300 | _a494 P | ||
| 650 | 0 | 4 | _aELECTRONIC DIGITAL COMPUTERS |
| 650 | 0 | 4 | _aDESIGN - CONSTRUCTION |
| 942 |
_2ddc _cBK |
||
| 999 |
_c19330 _d19330 |
||